Sick

Saved in:
Bibliographic Details
Main Author: Leveen, Tom
Format: Book
Language:Undetermined
Published: New York Amulet Books 2013
Subjects:
Tags: Add Tag
No Tags, Be the first to tag this record!
Institutions: Trung tâm Học liệu Trường Đại học Cần Thơ
LEADER 00624nam a2200205Ia 4500
001 CTU_217460
008 210402s9999 xx 000 0 und d
020 |c 22.95 
082 |a 813.6 
082 |b L657 
100 |a Leveen, Tom 
245 0 |a Sick 
245 0 |c Tom Leveen 
260 |a New York 
260 |b Amulet Books 
260 |c 2013 
650 |a Những truyện kinh dị (Mỹ),Horror stories (American),Bệnh Virus,Sự sống còn,Virus diseases 
650 |x Bộ sưu tập,Collections 
904 |i Hiền, Sang, Tuyến 
980 |a Trung tâm Học liệu Trường Đại học Cần Thơ